| 000 | 00373nam a2200133Ia 4500 | ||
|---|---|---|---|
| 008 | 191014s9999 xx 000 0 und d | ||
| 020 | _a0-387-90202-3 | ||
| 082 |
_a514 _bSIN |
||
| 100 |
_aI.M. Singer J.A. Thorpe _920425 |
||
| 245 | 0 | _aLecture Notes on Elementary Topology and Geometry | |
| 260 |
_aNew York _bSpringer-Verlag _c1976 |
||
| 300 | _aViii,232 | ||
| 942 | _cBK | ||
| 999 |
_c531007 _d531007 |
||